MDQL
is popping MORE tags! Check the
thread
!
Quizzes
Events
Quiz Creation
Community
Videos
Private Events
Remove Ads
Sign In
Join for FREE
Feedback
Dark Mode
Quiz Categories
Sports
Geography
Music
Movies
Television
Just For Fun
Miscellaneous
History
Literature
Language
Science
Gaming
Entertainment
Religion
Holiday
For Kids
Quiz Lab
Recent
Popular Today
Quiz Kudos Today
Editor Picks
Curator Picks
Quizzes by...
Day
Popularity
Type
Ratings
Length
Year
Community
Subscriptions
Recent Discussions
Orange Saloon
Badges
Playlists
Quests
Create
Leaderboards
Showdown
Live 5
Trivia Bingo
Activity
Puzzle Library
Sporcle Events
Private Events
Virtual Trivia
Globe League
Become a Host
Pub Owners
SporcleCon
Opinionation
Our Games
Videos
Blog
Mobile Apps
Partnerships
Remove Ads and Go Orange
Feedback
Language
Vocabulary
Begins and Ends
Definition
Spanish
French
German
Italian
Chinese
Latin
Translation
Japanese
Language
Vocabulary
Begins and Ends
Definition
Spanish
French
German
Italian
Chinese
Latin
Translation
Japanese
Random Quiz
Search Sporcle
×
Quiz Lab
Quiz Lab
Language
Vocabulary
Type in answers that appear in a list
Type in answers that appear in a list
Classic
Best Score? Go Orange.
Multi-Lingual Pronouns Stats
Can you name the personal pronouns in different languages?
By
Abjiklam
10m
72 Questions
176 Plays
176 Plays
176 Plays
Comments
Comments
Give Quiz Kudos
Give Quiz Kudos
-
- Ratings
hide this ad
Replay
Link that replays current quiz
Next Quiz
Link to next quiz in quiz playlist
You Got
0%
They Got
Avg Score
65%
Avg Friend Score
Upgrade to see
Score Distribution
Jump to the score distribution portion of the page
Score
0/72
Timer
10:00
0
Plays Today
% Correct
tu
97.2%
tú
97.2%
tu/você
97.2%
tu
97.2%
je
94.9%
él
94.9%
yo
93.2%
ich
92.6%
vous
88.6%
lei/ella/essa
88.6%
nós
88.1%
il
87.5%
du
87.5%
ella
86.4%
elle
85.8%
vous
85.7%
nous
84.1%
usted
83.5%
vocês/vós
83%
on
82.4%
он (on)
82.4%
ustedes (vosotros/as)
81.3%
wir
80.7%
sie
80.1%
es
80.1%
sie
80.1%
Sie
80.1%
nosotros
79.5%
er
79%
ellas
78.4%
elles
77.8%
io
77.8%
ils
77.3%
ellos
76.7%
nosotras
73.3%
ihr
72.7%
% Correct
я (ya)
72.2%
eu
70.5%
ela
67.6%
ты (ty)
66.5%
она (ona)
65.3%
ele
64.8%
мы (my)
64.2%
elas
62.5%
eles
61.9%
noi
60.8%
lui/egli/esso
59.1%
вы (vy)
58%
voi
57.4%
你 (nǐ)
55.7%
Lei
55.7%
loro/essi
55.1%
我 (wǒ)
54.5%
они (oni)
52.8%
loro/esse
52.4%
оно (ono)
50.6%
他 (tā)
49.4%
انا (anā)
44.9%
我們 (wǒmen)
43.2%
你們 (nǐmen)
42%
他們 (tāmen)
42%
انتَ (anta)
34.7%
انتِ (anti)
31.3%
هو (huwa)
26.7%
هي (hiya)
25.6%
هم (hum)
17.6%
نحن (naḥnu)
14.8%
انتنّ (antunna)
14.3%
انتم (antum)
9.7%
انتما (antumā)
9.5%
هما (humā)
9.5%
هنّ (hunna)
9.5%
Quiz Playlist
Details
Report
Send in Message
Add To Playlist
Classic:
Type in answers that appear in a list
Last Updated: Jun 9, 2021
Quiz Scoreboard
CHALLENGE
Sign Up to Join the Scoreboard
Show All
Scores
Hide
Comments
May contain spoilers
Recently Published
1-10 Letter E Words III
by El_Dandy
Language
2m
Street Fighter Characters
by Artimus82
Gaming
60s
College Basketball Coaching Resumes
by pancakes188
Sports
9m
More to Explore
Quiz From the Vault
Featured Blog Post
Where Did the Easter Bunny Come From?
hide this ad
You Might Also Like...
Tags
Chinese Quiz
French Quiz
German Quiz
Italian Quiz
Spanish Quiz
Translation Quiz
Vocabulary Quiz
Different
Multilingual
Personal
pronoun
Today's Top Quizzes in Language
Browse Language
hide this ad
Today's Top Quizzes in Vocabulary
Browse Vocabulary
Top Contributed Quizzes in Language
1
1-10 Letter F Words III
2
1-10 Letter G Words III
3
1-10 Letter H Words III
4
Celtic Nations in their Language
5
Alphabetize! : 'As' words
6
1-10 Letter I Words III
7
One Thing in Common: Italy
8
1-10 Letter J Words III
9
Order Up: Top 10 Most Native Spoken Languages
10
Weisst du, aus welchen Sprachen diese Wörter stammen?
Explore More
Trending Topics
Anime
Marvel
Harry Potter
Disney
Kpop
Crossword
NBA
Soccer
Song
WWE
Puzzle
Country
Pokémon
The Office
NFL
hide this ad
More By:
Abjiklam
Quiz
Plays
Rating
Category
Featured
Created
Canadian Provinces and Territories Abbreviations
3,946
4.60
Geography
Jan 6, 2012
Countries before WW2
2,505
4.69
Geography
Mar 10, 2011
Name of Countries in Arabic
815
4.64
Geography
Mar 5, 2011
Governorates of Tunisia
241
5.00
Geography
Mar 18, 2011
Multi-Lingual Counting II
240
5.00
Language
Apr 3, 2011
Go to Creator's Profile
Score Distribution
Quiz Creator Spotlight
Abjiklam
Follow
Send a Message
Quizzes Created
-
Created Quiz Play Count
-
More By This Creator
Popular Quizzes Today
1
Find the US States - No Outlines Minefield
2
Find the Countries of Europe - No Outlines Minefield
3
The Countries of the World
4
Find the US States
5
Risky Map Clicking: Biggest States A-Z
6
US States
7
Popular People in 1961
8
Movies - When Are They Set?
More Language Quizzes
Word Hourglass X(-Mas)
Published
Trending Quizzes
Risky Map Clicking: Least Populous States A-Z
USA Borders Longest to Shortest
1-10 Letter G Words
1-10 Letter F Words
Countries of the World: 200 Million BC
Recently Updated
Leaping Animals
pecheneg
Reality TV Shows (A-Z)
bhenderson79
Rickey Henderson's Hall of Fame Teammates
pecheneg
Champions League XIs: Arsenal
pecheneg
Quick Pick: Celebrities in WWE's Hall of Fame
aduchscher
A-Z Keypad Blitz II
pecheneg
Multiple Oscar Actors
pecheneg
Mystery Phrase Blitz: Oscar 'Best Actors'
pecheneg
F. Scott Fitzgerald Novels
LTH
Pick 3 Villains
ddd62291
Trending Topics
Harry Potter
Disney
NBA
Anime
Kpop
Marvel
Crossword
Puzzle
Soccer
NFL
WWE
Country
Song
The Office
Pokémon
Your Account Isn't Verified!
In order to create a playlist on Sporcle, you need to verify the email address you used during registration. Go to your
Sporcle Settings
to finish the process.
Report this User
Report this user for behavior that violates our
Community Guidelines
.
Details:
Send Report
Go to the Sporcle.com Mobile Site →
Comments